Movies Quiz

Random Movies or Actor Quiz

Will Smith Needs a Job Quiz Stats

 Plays Quiz Updated Nov 26, 2018

Support Sporcle.
Go Orange.
Score 0/16 Timer 03:00
1 Play Today
% Correct
Boxer
90.2%
Secret Government Agent
86.6%
Whale Tongue Scrubber
84.6%
Detective
83.7%
Superhero
82.7%
Date Doctor
80.2%
Fighter Pilot
72.7%
Golf Caddy
68.3%
% Correct
Detective
59.9%
Stockbroker
58.2%
Virologist
57.2%
Con Artist
44.7%
Attorney
41.2%
US Army Captain
38%
Panhandler
30.5%
Aeronautical Engineer
22.3%

You're not logged in!

Compare scores with friends on all Sporcle quizzes.
OR
Log In
Forgot?

From the Vault

Donald Duck's Nephews

by FriedChckn

How all these guys are related to that greedy Scrooge McDuck is still a mystery to us.
Remove Ads.
Support Sporcle.
Get the best of Sporcle when you Go Orange. This ad-free experience offers more features, more stats, and more fun while also helping to support Sporcle. Thank you for becoming a member.

Show Comments

Extras

Top Quizzes Today


Score Distribution

Your Account Isn't Verified!

In order to create a playlist on Sporcle, you need to verify the email address you used during registration. Go to your Sporcle Settings to finish the process.

Report this User

Report this user for behavior that violates our Community Guidelines.

Details: